Statistics for Maggie Lindemann Song Quiz

Click here to take the quiz!

General Stats

  • This quiz has been taken 77 times
  • The average score is 25 of 34

Answer Stats

HintAnswer% Correct
PARANOIAKnife Under My Pillow
93%
PARANOIADifferent
90%
SUCKERPUNCHcages
88%
PARANOIACrash and Burn
88%
PARANOIAScissorhands
86%
SUCKERPUNCHcasualty of your dreams
84%
PARANOIAGASLIGHT! ft. Siiickbrain
84%
PARANOIALoner
84%
SUCKERPUNCHbreak me! ft. Siiickbrain
83%
SUCKERPUNCHshe knows it
83%
PARANOIALove Songs
81%
SUCKERPUNCHgirl next door
79%
SUCKERPUNCHhear me out
79%
SUCKERPUNCHintro / welcome in
79%
PARANOIAIt's Not Your Fault
79%
SUCKERPUNCHtake me nowhere
79%
SUCKERPUNCHhow could you do this to me? ft. Kellin Quinn
78%
SUCKERPUNCHself sabotage
78%
SUCKERPUNCHnovocaine
76%
SinglePretty Girl
76%
SUCKERPUNCHwe never even dated
76%
SUCKERPUNCHphases
72%
SUCKERPUNCHyou're not special
72%
SUCKERPUNCHi'm so lonely with you
71%
SingleObsessed
71%
SingleFriends Go
67%
SingleCouple of Kids
62%
SingleWould I
62%
SingleHuman
60%
SingleKnocking on Your Heart
59%
Singledebbie downer (with LØLØ)
55%
SingleOHMAMI (with Chase Atlantic)
55%
SinglePersonal
50%
SingleThings
50%

Score Distribution

Percentile by Number Answered

Percent of People with Each Score

Your Score History

You have not taken this quiz